|
|
|
|
| LEADER |
00000nam0a2200000 4500 |
| 001 |
155817 |
| 005 |
20231031152700.0 |
| 010 |
|
|
|a 5286001475
|
| 035 |
|
|
|a (RuTPU)RU\TPU\book\169000
|
| 090 |
|
|
|a 155817
|
| 100 |
|
|
|a 20090319d1989 m y0rusy50 ca
|
| 101 |
0 |
|
|a rus
|
| 102 |
|
|
|a RU
|
| 105 |
|
|
|a a z 001zy
|
| 200 |
1 |
|
|a Антропогенная экология океана
|f Ю. А. Израэль, А. В. Цыбань
|
| 210 |
|
|
|a Ленинград
|c Гидрометеоиздат
|d 1989
|
| 215 |
|
|
|a 528 с.
|c ил.
|
| 320 |
|
|
|a Библиогр. в конце гл.
|
| 610 |
1 |
|
|a экология
|
| 610 |
1 |
|
|a Мировой океан
|
| 610 |
1 |
|
|a природная среда
|
| 610 |
1 |
|
|a морская среда
|
| 610 |
1 |
|
|a экологические системы
|
| 610 |
1 |
|
|a загрязняющие вещества
|
| 610 |
1 |
|
|a микроорганизмы
|
| 610 |
1 |
|
|a утилизация
|
| 610 |
1 |
|
|a биогеохимические циклы
|
| 610 |
1 |
|
|a загрязнения
|
| 610 |
1 |
|
|a экосистемы
|
| 675 |
|
|
|a 504.4
|v 3
|
| 700 |
|
1 |
|a Израэль
|b Ю. А.
|g Юрий Антонович
|
| 701 |
|
1 |
|a Цыбань
|b А. В.
|g Алла Викторовна
|
| 801 |
|
1 |
|a RU
|b 63413507
|c 20090319
|g PSBO
|
| 801 |
|
2 |
|a RU
|b 63413507
|c 20091027
|g RCR
|
| 942 |
|
|
|c BK
|